000 00298nam a2200121Ia 4500
008 190216s9999||||xx |||||||||||||| ||und||
100 _aEnright D J
245 4 _aThe Oxford Book Of Death
260 _bOxford University Press
_c1987
300 _a351p
650 _aEnglish Literature
942 _cBK
999 _c13942
_d13942